000 00586nam a2200169 4500
001 131926
003 ES-MaACL
005 20230906194055.0
007 t|
008 070214s1981 sp r ||||1| spa d
100 1 _aRodríguez Neila, Juan Francisco.
_998698
245 1 0 _aSociedad y administración local en la Bética romana /
_cJuan Francisco Rodríguez Neila.
260 _aCórdoba :
_bMonte de Piedad y Caja de Ahorros,
_c1981.
300 _a187 p., 2 lám. ;
_c22 cm.
710 2 _aMonte de Piedad y Caja de Ahorros de Córdoba.
_95763
852 _aES-MaACL
_jL-1367
_bR.102150
999 _c131926
_d131926